Archivo General de la Nación ayer y hoy (Record no. 9980)

MARC details
000 -LEADER
campo de control de longitud fija 00419nam a2200145Ia 4500
001 - NÚMERO DE CONTROL
campo de control 4109
008 - DATOS DE LONGITUD FIJA--INFORMACIÓN GENERAL
campo de control de longitud fija 241024s9999 xx 000 0 und d
020 ## - NÚMERO INTERNACIONAL ESTÁNDAR DEL LIBRO
Número Internacional Estándar del Libro 978-9945-586-74-9
082 ## - NÚMERO DE LA CLASIFICACIÓN DECIMAL DEWEY
Número de clasificación RD/027.5/AR673a/2016
100 ## - ENTRADA PRINCIPAL--NOMBRE DE PERSONA
Nombre de persona República Dominicana. Archivo General de la Nación
245 #0 - MENCIÓN DEL TÍTULO
Título Archivo General de la Nación ayer y hoy
260 ## - PUBLICACIÓN, DISTRIBUCIÓN, ETC.
Nombre del editor, distribuidor, etc. Editora Corripio
Fecha de publicación, distribución, etc. 2016
901 ## - ELEMENTOS DE DATOS A LOCAL LDA (RLIN)
a 4/7/2016 10:22:07 a.m.

No items available.

© 2024. Todos los Derechos Reservados. Desarrollado por IDEICE